| 000 | 00500nam a2200157 a 4500 | ||
|---|---|---|---|
| 005 | 20140412111242.0 | ||
| 008 | 010727s19uu xx 00 eng d | ||
| 020 | _a0-88160-037-7 | ||
| 050 |
_aTR(GS 808 _bP778 1981 |
||
| 100 | _aPolon, Linda | ||
| 245 |
_aStir up a story : _bcreative writing ideas / _cwritten by Linda Polon ; illustrated by Beverly Armstrong. |
||
| 260 |
_aSanta Barbar, CA : _bThe Learning Works, _c1981. |
||
| 300 | _a48p. ; ill. | ||
| 650 | _aWriting stories | ||
| 999 |
_c102755 _d102755 |
||